|
|
|
|
| LEADER |
00000cam a2200000 a 4500 |
| 001 |
vtls001110581 |
| 003 |
SK-MaSNL |
| 005 |
20260301111500.0 |
| 008 |
240513s1978 xo l frnp 00000 slo |
| 015 |
|
|
|a SNBA1978/06
|
| 020 |
|
|
|q (brožované)
|
| 035 |
|
|
|a SNK000053424
|
| 040 |
|
|
|a SNK
|b slo
|c SNK
|e AACR2
|
| 041 |
0 |
|
|a slo
|
| 044 |
|
|
|a xo
|c SK
|
| 080 |
|
|
|a 65.01:005(075.8)
|2 1981
|
| 080 |
|
|
|a 005(075.8)
|2 1981
|
| 080 |
|
|
|a 005
|2 1981
|
| 080 |
|
|
|a 65.01(075.8)
|2 1981
|
| 100 |
1 |
|
|a Kelemen, Vojtech,
|d 1935-1996
|4 aut
|9 49198
|
| 245 |
1 |
0 |
|a Teória riadenia
|b vybrané kapitoly
|c Vojtech Kelemen
|
| 250 |
|
|
|a 1. vyd.
|
| 260 |
|
|
|a Bratislava
|b Vysoká škola ekonomická
|c 1978
|
| 300 |
|
|
|a 80 strán
|b schémy, tabuľky
|c 30 cm
|
| 366 |
|
|
|e 400 kusov
|
| 490 |
1 |
|
|a Vysokoškolské skriptá
|
| 504 |
|
|
|a Obsahuje bibliografiu
|
| 650 |
0 |
7 |
|a teória riadenia
|2 SNKPH
|9 1152
|
| 650 |
0 |
7 |
|a systémová analýza
|2 SNKPH
|9 49916
|
| 655 |
|
7 |
|a učebnice vysokých škôl
|2 SNKPH
|9 70191
|
| 830 |
|
0 |
|a Vysokoškolské skriptá
|9 276440
|
| 852 |
|
|
|a Slovenská národná knižnica
|
| 954 |
|
|
|a odborná, vedecká literatúra pôvodná (slovenská)
|2 lita
|
| 958 |
|
|
|a RK
|
| 958 |
|
|
|a TL
|
| 958 |
|
|
|a NB
|
| 958 |
|
|
|a OND
|
| 958 |
|
|
|a UV
|
| 999 |
|
|
|c 707127
|d 709057
|
| 952 |
|
|
|t P60, <04>, [BOOK], {604}
|a SNK
|b SNK
|y VYP
|7 0
|p 17A0055615
|o snkSB 26178 D1
|0 0
|1 0
|4 0
|d 1997-03-14
|l 0
|r 2004-12-31 00:00:00
|w 2026-02-23
|
| 952 |
|
|
|a SNK
|b SNK
|y PREZ
|7 0
|p 17A0967932
|o snkSB 26178
|0 0
|1 0
|4 0
|d 2012-08-01
|f 1
|l 0
|r 2025-03-31 00:00:00
|w 2026-02-23
|